00534nam a2200193 a 4500001001300000003000900013005001700022008004100039020002300080082001600103100001900119245008100138260003600219300000900255500003500264505001000299650001200309700001900321nice12345678IN_TiNIC20260116013256.0050524s1993 dela grp 000 0 eng  a8171694 c25000a306.69bNAY aNayak, Pradeep aPolitics of the Ayodhya Disputeb Rise of Communalism and Future Voting Beha aDelhi bCommenwealth Pub c1993 a224p aincludes index and biblioraphy2 aIndex aAyodhya1 aNayak, Pradeep